Statistics for Actors by Letter - C

Click here to take the quiz!

General Stats

  • This quiz has been taken 49 times
  • The average score is 12 of 20

Answer Stats

Years ActiveNationalityMovies or TV ShowsActor% Correct
1955 -Dirty Harry | UnforgivenClint Eastwood
93%
1941 - 2003Ben-hur | Planet of the ApesCharlton Heston
86%
1899 - 1976The Great Dictator | The KidCharlie Chaplin
84%
2002 -Thor | RushChris Hemsworth
84%
1983 -The King's Speech | The KingsmanColin Firth
84%
1992 -Elizabeth | Blue JasmineCate Blanchett
84%
1990 - 2014There's Something About Mary | The MaskCameron Diaz
81%
1984 -The Mask of Zorro | ChicagoCatherine Zeta-Jones
81%
1982 -Batman Beings | Ford v. FerrariChristian Bale
77%
1997 -In Bruges | AlexanderColin Farrell
70%
1995 -Monster | BombshellCharlize Theron
67%
1918 - 1960It Happened One Night | Gone with the WindClark Gable
67%
1977 -Inglourious Basterds | Django UnchainedChristoph Waltz
58%
1990 -Homeland | Romeo + JulietClaire Danes
53%
1988 -Manchester by the Sea | Gone Baby GoneCasey Affleck
49%
1946 -The Sound of Music | All the Money in the WorldChristopher Plummer
44%
1988 -Children of Men | CloserClive Owen
26%
2004 -An Education | The Great GatsbyCarey Mulligan
23%
1925 - 1987Imitation of Life | It Happened One NightClaudette Colbert
19%
1937 - 2012Gentleman's Agreement | All About EveCeleste Holm
9%

Score Distribution

Percentile by Number Answered

Percent of People with Each Score

Your Score History

You have not taken this quiz